Southside Hoods Quiz Stats

Quiz not verified by Sporcle

Also try: 'O' States
Challenge
Share
Tweet
Embed
Score 0/5 Timer 11:00
0 Plays Today
congress heights train station % Correct
Wayne PlaceHood
100%
southside hoodCongress Park
66.7%
Whaler PlaceSouthside
33.3%
southside housingWashington View
33.3%
1-5Street Name
33.3%

You're not logged in!

Compare scores with friends on all Sporcle quizzes.
Sign Up with Email
OR
Log In

You Might Also Like...

Show Comments

Extras

Top Quizzes Today


Score Distribution

Your Account Isn't Verified!

In order to create a playlist on Sporcle, you need to verify the email address you used during registration. Go to your Sporcle Settings to finish the process.